| 000 | 00584nam a2200241 a 4500 | ||
|---|---|---|---|
| 001 | nice12345678 | ||
| 003 | IN_TiNIC | ||
| 005 | 20260116011457.0 | ||
| 008 | 050524s1960 lona grp 000 0 eng | ||
| 020 |
_a _c0 |
||
| 082 | 0 | 0 |
_a306.089927 _bCHI |
| 100 | _aChilders, Erskine | ||
| 245 | _aCommon Sense About the Arab World | ||
| 260 |
_aLondon _bVictor Gollancz Ltd _c1960 |
||
| 300 | _a192p | ||
| 500 | _aincludes index and biblioraphy | ||
| 505 | 2 | _aBibliography | |
| 650 | _aArabs | ||
| 700 | 1 | _aChilders, Erskine | |
| 902 | _bSRS | ||
| 942 | _cBK | ||
| 999 |
_c1886 _d1886 |
||